[Event "LSS No Engine Cup 191 Preliminary 0"]
[Site "LSS email"]
[Date "2019.07.06"]
[Round "?"]
[White "Kalinin, Vyacheslav"]
[Black "Berk, Ozan"]
[Result "1-0"]
[WhiteElo "1599"]
[BlackElo "1600"]
[PlyCount "37"]
[EventDate "2019.07.07"]
[EventType "tourn (corr)"]
[EventRounds "6"]
[EventCountry "GER"]
[SourceTitle "Corr 2022"]
[Source "ChessBase"]
[SourceDate "2021.10.24"]
[SourceVersion "1"]
[SourceVersionDate "2021.10.24"]
[SourceQuality "1"]

1. e4 d5 2. exd5 Qxd5 3. Nc3 Qa5 4. Bc4 e5 5. Qe2 Bd6 6. d4 Ne7 7. Nf3 exd4 8. Nxd4 0-0 9. Bd2 Qe5 10. Qxe5 Bxe5 11. Nf3 Bf6 12. 0-0-0 Nbc6 13. Bf4 Bf5 14. Nb5 Rac8 15. Nxc7 Ng6 16. Bd6 Rfd8 17. Nb5 a6 18. Nc3 Nd4 19. Nxd4 1-0

[Event "LSS No Engine Cup 191 Preliminary 0"]
[Site "LSS email"]
[Date "2019.07.06"]
[Round "?"]
[White "Lauer, Frederic"]
[Black "Kalinin, Vyacheslav"]
[Result "1-0"]
[WhiteElo "1440"]
[BlackElo "1599"]
[PlyCount "59"]
[EventDate "2019.07.07"]
[EventType "tourn (corr)"]
[EventRounds "6"]
[EventCountry "GER"]
[SourceTitle "Corr 2022"]
[Source "ChessBase"]
[SourceDate "2021.10.24"]
[SourceVersion "1"]
[SourceVersionDate "2021.10.24"]
[SourceQuality "1"]

1. e4 c6 2. Nf3 d5 3. exd5 cxd5 4. Ne5 d4 5. Bb5+ Bd7 6. Qf3 Nf6 7. Qxb7 Bxb5 8. Qxb5+ Nbd7 9. Nxd7 Nxd7 10. 0-0 e6 11. d3 Bd6 12. Nd2 0-0 13. Ne4 Bc7 14. Qg5 Qb8 15. h3 h6 16. Qh4 Ne5 17. a4 Ng6 18. Qh5 Rc8 19. Bd2 Qxb2 20. Bxh6 Qxc2 21. Bc1 Qxd3 22. Ng5 Qc3 23. Qh7+ Kf8 24. Ba3+ Ke8 25. Qg8+ Kd7 26. Qxf7+ Kc6 27. Rfc1 Ne5 28. Qxe6+ Kb7 29. Rxc3 dxc3 30. Rb1+ 1-0

[Event "IECC CL0-2019.00 email"]
[Site "IECC email"]
[Date "2019.03.10"]
[Round "?"]
[White "Kalinin, Vyacheslav"]
[Black "Raines, David T"]
[Result "1-0"]
[WhiteElo "1340"]
[BlackElo "1206"]
[PlyCount "83"]
[EventDate "2019.02.15"]
[EventType "tourn (corr)"]
[EventRounds "4"]
[SourceTitle "Corr 2022"]
[Source "ChessBase"]
[SourceDate "2021.10.24"]
[SourceVersion "1"]
[SourceVersionDate "2021.10.24"]
[SourceQuality "1"]

1. c4 Nf6 2. d4 e5 3. dxe5 Ng4 4. Qd4 d6 5. exd6 Qxd6 6. Qxd6 Bxd6 7. Nf3 Nc6 8. a3 a5 9. Nc3 Be6 10. b3 0-0 11. Bb2 Nge5 12. Nxe5 Bxe5 13. e3 Rfd8 14. f4 Bf6 15. Be2 g6 16. Kf2 Bg7 17. Rad1 h5 18. Bf3 Bg4 19. Na4 Bxf3 20. Kxf3 Bxb2 21. Nxb2 Kf8 22. Nd3 b6 23. g4 hxg4+ 24. Kxg4 Ke7 25. h4 Rh8 26. Nf2 Rad8 27. Rxd8 Kxd8 28. e4 Ke7 29. Rd1 Rd8 30. Rxd8 Nxd8 31. f5 Kf6 32. Kf4 Nc6 33. Ng4+ Kg7 34. f6+ Kf8 35. Ke3 Ke8 36. e5 Kd7 37. Ke4 Ke6 38. a4 Nb4 39. Nf2 Nc2 40. Nd3 Na1 41. Nf4+ Kd7 42. Nxg6 1-0

[Event "IECC CL0-2019.00 email"]
[Site "IECC email"]
[Date "2019.03.10"]
[Round "?"]
[White "Plastinin, Alexandr"]
[Black "Kalinin, Vyacheslav"]
[Result "0-1"]
[WhiteElo "1153"]
[BlackElo "1340"]
[PlyCount "108"]
[EventDate "2019.02.15"]
[EventType "tourn (corr)"]
[EventRounds "4"]
[SourceTitle "Corr 2022"]
[Source "ChessBase"]
[SourceDate "2021.10.24"]
[SourceVersion "1"]
[SourceVersionDate "2021.10.24"]
[SourceQuality "1"]

1. e4 d5 2. exd5 Qxd5 3. Nc3 Qa5 4. Nf3 Bg4 5. d4 c6 6. Be2 e6 7. 0-0 Nd7 8. a3 Bd6 9. h3 Bxf3 10. Bxf3 Ngf6 11. Bd2 Qc7 12. b4 a6 13. Ne4 Nxe4 14. Bxe4 Nf6 15. Qe2 Bh2+ 16. Kh1 Bf4 17. Bf3 Bxd2 18. Qxd2 0-0 19. Qg5 Rad8 20. Rad1 h6 21. Qe3 Nd5 22. Qd2 Rd7 23. Rfe1 b5 24. g3 Rfd8 25. c3 a5 26. bxa5 Qxa5 27. Qc1 Qxc3 28. Qxc3 Nxc3 29. Rd3 Nd5 30. Kg2 Ra7 31. Rc1 Ra6 32. Kf1 Kf8 33. Rb3 Ke7 34. Ke2 Kd6 35. h4 Ne7 36. g4 Rda8 37. Rcc3 Ra4 38. Ke3 f5 39. Kd3 fxg4 40. Bxg4 Nd5 41. Rc2 Rxa3 42. Rcb2 c5 43. Kd2 Rxb3 44. Rxb3 Ra2+ 45. Ke1 c4 46. Rxb5 Ra1+ 47. Kd2 c3+ 48. Kc2 Ra2+ 49. Kd3 Rxf2 50. h5 Rd2+ 51. Ke4 Nf6+ 52. Kf3 Nxg4 53. Kxg4 Rxd4+ 54. Kf3 c2 0-1

[Event "LSS No Engine Cup 186 Preliminary 0"]
[Site "LSS email"]
[Date "2019.01.20"]
[Round "?"]
[White "Filak, Ryszard"]
[Black "Kalinin, Vyacheslav"]
[Result "1-0"]
[WhiteElo "1600"]
[BlackElo "1641"]
[PlyCount "39"]
[EventDate "2019.01.23"]
[EventType "tourn (corr)"]
[EventRounds "6"]
[EventCountry "GER"]
[SourceTitle "Corr 2022"]
[Source "ChessBase"]
[SourceDate "2021.10.24"]
[SourceVersion "1"]
[SourceVersionDate "2021.10.24"]
[SourceQuality "1"]

1. d4 Nf6 2. Nf3 g6 3. c4 Bg7 4. Nc3 0-0 5. e4 d6 6. Be2 Bg4 7. Be3 Nfd7 8. Ng5 Bxe2 9. Qxe2 Nc6 10. Rd1 e5 11. dxe5 Ncxe5 12. 0-0 Nb6 13. c5 Nbc4 14. Bc1 h6 15. Nh3 Na5 16. f4 Nec6 17. f5 Bd4+ 18. Rxd4 Nxd4 19. Qe3 dxc5 20. Qxh6 1-0

[Event "SE-2019-0-00290"]
[Site "LSS email"]
[Date "2019.01.09"]
[Round "?"]
[White "Couspeyre, Thierry"]
[Black "Kalinin, Vyacheslav"]
[Result "1-0"]
[WhiteElo "1303"]
[BlackElo "1321"]
[PlyCount "89"]
[EventDate "2018.11.26"]
[EventType "tourn (corr)"]
[EventRounds "6"]
[EventCountry "GER"]
[SourceTitle "Corr 2022"]
[Source "ChessBase"]
[SourceDate "2021.10.24"]
[SourceVersion "1"]
[SourceVersionDate "2021.10.24"]
[SourceQuality "1"]

1. e4 e5 2. Nf3 Nc6 3. Bb5 a6 4. Ba4 b5 5. Bb3 Be7 6. 0-0 Nf6 7. d4 Nxd4 8. Nxd4 exd4 9. e5 Ng8 10. Qf3 d5 11. exd6 Be6 12. dxe7 Nxe7 13. Bxe6 fxe6 14. Bg5 Qd5 15. Nd2 Rf8 16. Qxd5 Nxd5 17. Rfe1 Kd7 18. Nb3 Nb4 19. Nxd4 Rae8 20. Rad1 Kc8 21. c3 Nd5 22. Rxe6 Nb6 23. Rde1 Rxe6 24. Rxe6 h6 25. Bf4 Rxf4 26. Nb3 Rf5 27. g3 Kd7 28. Rg6 Rg5 29. Rxg5 hxg5 30. Nc5+ Kd6 31. Ne4+ Ke5 32. Nxg5 Nc4 33. f4+ Kd5 34. b3 Nd2 35. f5 Ke5 36. Ne6 c6 37. Nxg7 Kf6 38. Ne6 Nb1 39. c4 Nc3 40. cxb5 cxb5 41. g4 Nxa2 42. h4 a5 43. h5 Kf7 44. h6 Kg8 45. f6 1-0

[Event "LSS No Engine Cup 184 Preliminary 0"]
[Site "LSS email"]
[Date "2018.12.02"]
[Round "?"]
[White "Kalinin, Vyacheslav"]
[Black "Gavrileteanu, Lucian"]
[Result "0-1"]
[WhiteElo "1634"]
[BlackElo "2059"]
[PlyCount "34"]
[EventDate "2018.12.03"]
[EventType "tourn (corr)"]
[EventRounds "6"]
[EventCountry "GER"]
[SourceTitle "Corr 2022"]
[Source "ChessBase"]
[SourceDate "2021.10.24"]
[SourceVersion "1"]
[SourceVersionDate "2021.10.24"]
[SourceQuality "1"]

1. e4 c5 2. Nf3 d6 3. Bb5+ Nd7 4. d4 cxd4 5. Nxd4 Ngf6 6. Nc3 a6 7. Bd3 e6 8. 0-0 Qc7 9. Be3 b5 10. f4 Bb7 11. Bxb5 axb5 12. Ncxb5 Qc8 13. f5 e5 14. Nf3 Nxe4 15. Nd2 Nxd2 16. Qxd2 d5 17. Bb6 Nxb6 0-1

[Event "IECC CL0-2018.00 email"]
[Site "IECC email"]
[Date "2018.11.12"]
[Round "?"]
[White "Hickl, Norbert"]
[Black "Kalinin, Vyacheslav"]
[Result "0-1"]
[WhiteElo "1110"]
[BlackElo "1324"]
[PlyCount "36"]
[EventDate "2018.10.24"]
[EventType "tourn (corr)"]
[EventRounds "4"]
[SourceTitle "Corr 2022"]
[Source "ChessBase"]
[SourceDate "2021.10.24"]
[SourceVersion "1"]
[SourceVersionDate "2021.10.24"]
[SourceQuality "1"]

1. d4 d5 2. Nf3 Nf6 3. Bf4 e6 4. e3 Bd6 5. Bg3 0-0 6. Bd3 c5 7. c3 Nc6 8. Nbd2 c4 9. Bc2 a6 10. b3 b5 11. bxc4 bxc4 12. Rb1 Bxg3 13. hxg3 Qa5 14. Ba4 Bd7 15. Rb7 Nxd4 16. Bxd7 Nxf3+ 17. Qxf3 Qxc3 18. Qe2 Rab8 0-1

[Event "OP-2018-0-04669"]
[Site "LSS email"]
[Date "2018.11.12"]
[Round "?"]
[White "Kalinin, Vyacheslav"]
[Black "Pech, Jaroslav Sr"]
[Result "0-1"]
[WhiteElo "1318"]
[BlackElo "1743"]
[PlyCount "70"]
[EventDate "2018.10.30"]
[EventType "tourn (corr)"]
[EventRounds "4"]
[EventCountry "GER"]
[SourceTitle "Corr 2022"]
[Source "ChessBase"]
[SourceDate "2021.10.24"]
[SourceVersion "1"]
[SourceVersionDate "2021.10.24"]
[SourceQuality "1"]

1. e4 e6 2. d4 d5 3. Nd2 c5 4. Bb5+ Bd7 5. Bxd7+ Qxd7 6. Ngf3 cxd4 7. Nxd4 dxe4 8. Nxe4 e5 9. Nf3 Qxd1+ 10. Kxd1 Nc6 11. c3 f5 12. Ng3 g6 13. Re1 e4 14. Kc2 Bc5 15. Be3 Bxe3 16. Rxe3 Nge7 17. Nd4 Nxd4+ 18. cxd4 f4 19. Rxe4 Rc8+ 20. Kd3 fxg3 21. Rae1 gxf2 22. Rf1 Rf8 23. Re2 Rc6 24. Rfxf2 Rxf2 25. Rxf2 Rc1 26. a3 Rd1+ 27. Kc4 Nc6 28. d5 Ne5+ 29. Kc3 Rxd5 30. Rf4 Ke7 31. h4 Rd3+ 32. Kc2 Rg3 33. Rf2 h5 34. b3 Ng4 35. Re2+ Kd7 0-1

[Event "IECC CL0-2018.00 email"]
[Site "IECC email"]
[Date "2018.11.12"]
[Round "?"]
[White "Raines, David T"]
[Black "Kalinin, Vyacheslav"]
[Result "0-1"]
[WhiteElo "1272"]
[BlackElo "1324"]
[PlyCount "78"]
[EventDate "2018.10.24"]
[EventType "tourn (corr)"]
[EventRounds "4"]
[SourceTitle "Corr 2022"]
[Source "ChessBase"]
[SourceDate "2021.10.24"]
[SourceVersion "1"]
[SourceVersionDate "2021.10.24"]
[SourceQuality "1"]

1. d4 d5 2. e3 Bf5 3. c4 e6 4. Nc3 c6 5. Nf3 Nf6 6. Qb3 Qb6 7. c5 Qc7 8. Be2 Nbd7 9. Qd1 b6 10. cxb6 axb6 11. 0-0 Bd6 12. h3 0-0 13. Nh4 Ne4 14. Nxf5 exf5 15. Bd3 Ndf6 16. Bxe4 fxe4 17. f3 Bh2+ 18. Kh1 exf3 19. Qxf3 Rae8 20. Bd2 b5 21. Rac1 b4 22. Na4 Ne4 23. Be1 Re6 24. Nc5 Rf6 25. Qe2 Rxf1+ 26. Qxf1 Nxc5 27. Rxc5 Ra8 28. Bxb4 Bd6 29. Qc1 Bxc5 30. Bxc5 Re8 31. Bb4 h5 32. a3 Qg3 33. Bd2 Re6 34. a4 Rf6 35. Qg1 g5 36. Be1 Qb8 37. b4 Qc8 38. Kh2 Qa6 39. g4 Qe2+ 0-1

[Event "IECC CL0-2018.00 email"]
[Site "IECC email"]
[Date "2018.09.27"]
[Round "?"]
[White "Hickl, Norbert"]
[Black "Kalinin, Vyacheslav"]
[Result "0-1"]
[WhiteElo "1232"]
[BlackElo "1257"]
[PlyCount "52"]
[EventDate "2018.08.13"]
[EventType "tourn (corr)"]
[EventRounds "4"]
[SourceTitle "Corr 2022"]
[Source "ChessBase"]
[SourceDate "2021.10.24"]
[SourceVersion "1"]
[SourceVersionDate "2021.10.24"]
[SourceQuality "1"]

1. d4 Nf6 2. Bf4 d6 3. Nf3 b6 4. e3 Bb7 5. Bb5+ Nbd7 6. 0-0 e6 7. Nc3 Be7 8. Re1 Ne4 9. Nxe4 Bxe4 10. c4 0-0 11. d5 e5 12. Bg3 Nc5 13. Nd2 Bg6 14. Nb3 Nd3 15. Bc6 Nxb2 16. Qe2 Nd3 17. Red1 e4 18. Bxa8 Qxa8 19. Nc1 Bf6 20. Rb1 Qe8 21. f3 exf3 22. gxf3 Nf4 23. Bxf4 Bxb1 24. e4 Qa4 25. Rd2 Bc3 26. Qd1 Qxc4 0-1

[Event "IECC CL0-2018.00 email"]
[Site "IECC email"]
[Date "2018.09.22"]
[Round "?"]
[White "Kalinin, Vyacheslav"]
[Black "Chura, Michal"]
[Result "1-0"]
[WhiteElo "1248"]
[BlackElo "1139"]
[PlyCount "51"]
[EventDate "2018.07.27"]
[EventType "tourn (corr)"]
[EventRounds "4"]
[SourceTitle "Corr 2022"]
[Source "ChessBase"]
[SourceDate "2021.10.24"]
[SourceVersion "1"]
[SourceVersionDate "2021.10.24"]
[SourceQuality "1"]

1. e4 c5 2. c4 Nc6 3. Nf3 g6 4. d4 cxd4 5. Nxd4 Bg7 6. Nxc6 bxc6 7. Be2 e6 8. Qd6 Qe7 9. c5 Qxd6 10. cxd6 Be5 11. g3 Bxd6 12. f4 Ne7 13. Bd2 Rb8 14. Bc3 Rg8 15. Nd2 Bc5 16. 0-0-0 d5 17. Be5 Ra8 18. h4 Kd7 19. Nb3 Bd6 20. Bf6 Re8 21. e5 Bb4 22. a3 Bd6 23. exd6 Kxd6 24. Be5+ Kd7 25. Nc5+ Kd8 26. h5 1-0

[Event "LSS No Engine Cup 174 Preliminary 0"]
[Site "LSS email"]
[Date "2017.10.19"]
[Round "?"]
[White "Kalinin, Vyacheslav"]
[Black "Kulczycki, Michael"]
[Result "0-1"]
[WhiteElo "1631"]
[BlackElo "2022"]
[PlyCount "56"]
[EventDate "2017.10.20"]
[EventType "tourn (corr)"]
[EventRounds "6"]
[EventCountry "GER"]
[SourceTitle "Corr 2022"]
[Source "ChessBase"]
[SourceDate "2021.10.24"]
[SourceVersion "1"]
[SourceVersionDate "2021.10.24"]
[SourceQuality "1"]

1. c4 e5 2. Nc3 Bb4 3. d3 Nf6 4. Bg5 0-0 5. Nf3 h6 6. Bxf6 Bxc3+ 7. bxc3 Qxf6 8. Nd2 b6 9. Ne4 Qe6 10. g3 f5 11. Nd2 Bb7 12. f3 Qf6 13. e4 fxe4 14. dxe4 Na6 15. Bh3 Nc5 16. 0-0 Qc6 17. Nb3 Nxe4 18. Bxd7 Qxc4 19. Qc2 Ng5 20. Nd2 Qc5+ 21. Kg2 Rad8 22. Bg4 h5 23. Bxh5 Rxd2+ 24. Qxd2 e4 25. h4 exf3+ 26. Kh2 Ne4 27. Qd7 Qxh5 28. Qxc7 Qb5 0-1

[Event "IECC CL0-2017.00 email"]
[Site "IECC email"]
[Date "2017.10.16"]
[Round "?"]
[White "Reinecke, Juergen"]
[Black "Kalinin, Vyacheslav"]
[Result "1-0"]
[WhiteElo "1336"]
[BlackElo "1290"]
[PlyCount "125"]
[EventDate "2017.09.17"]
[EventType "tourn (corr)"]
[EventRounds "4"]
[SourceTitle "Corr 2022"]
[Source "ChessBase"]
[SourceDate "2021.10.24"]
[SourceVersion "1"]
[SourceVersionDate "2021.10.24"]
[SourceQuality "1"]

1. e4 c6 2. d4 d5 3. Nc3 dxe4 4. Nxe4 Nf6 5. Nxf6+ gxf6 6. Nf3 Bg4 7. Be2 e6 8. Bf4 Bd6 9. Qd2 Qc7 10. Bxd6 Qxd6 11. h3 Bxf3 12. Bxf3 Nd7 13. 0-0-0 0-0-0 14. c3 f5 15. Kb1 Nf6 16. Qe3 Kb8 17. Rhe1 Nd7 18. Bh5 Rdf8 19. Bf3 Nf6 20. g3 h5 21. Qg5 Nd5 22. h4 Rfg8 23. Qd2 b5 24. Qe2 Nf6 25. Qe5 Qxe5 26. dxe5 Nd5 27. Kc2 Kc7 28. Rd2 a5 29. a3 Rb8 30. Red1 Rbd8 31. Be2 f4 32. c4 bxc4 33. Bxc4 fxg3 34. Bxd5 Rxd5 35. Rxd5 exd5 36. fxg3 Re8 37. Rf1 Rxe5 38. Rxf7+ Kb6 39. Kd3 c5 40. b3 Kb5 41. Rb7+ Kc6 42. Rh7 Rf5 43. Ke3 a4 44. bxa4 Re5+ 45. Kd2 Re4 46. Rh6+ Kc7 47. Rxh5 Rd4+ 48. Kc2 Kd6 49. a5 Ra4 50. a6 Rxa3 51. Rh6+ Ke5 52. Rg6 c4 53. h5 Kd4 54. Kb2 Ra5 55. h6 c3+ 56. Kb3 Kd3 57. Rc6 Rb5+ 58. Ka4 Rb8 59. Ka5 d4 60. a7 Ra8 61. Kb6 c2 62. Kb7 Rxa7+ 63. Kxa7 1-0

[Event "IECC CL0-2017.00 email"]
[Site "IECC email"]
[Date "2017.10.05"]
[Round "?"]
[White "Kalinin, Vyacheslav"]
[Black "Raines, David T"]
[Result "1-0"]
[WhiteElo "1290"]
[BlackElo "1218"]
[PlyCount "31"]
[EventDate "2017.09.17"]
[EventType "tourn (corr)"]
[EventRounds "4"]
[SourceTitle "Corr 2022"]
[Source "ChessBase"]
[SourceDate "2021.10.24"]
[SourceVersion "1"]
[SourceVersionDate "2021.10.24"]
[SourceQuality "1"]

1. c4 Nf6 2. Nf3 e6 3. g3 b6 4. Bg2 Bb7 5. 0-0 Be7 6. d3 0-0 7. Nc3 d5 8. Ne5 Nbd7 9. d4 c5 10. e3 Rc8 11. Qe2 a6 12. b3 Nxe5 13. dxe5 Ne4 14. Nxe4 dxe4 15. Qc2 Qd3 16. Qxd3 1-0

[Event "LSS No Engine Cup 173 Preliminary 0"]
[Site "LSS email"]
[Date "2017.09.10"]
[Round "?"]
[White "Kalinin, Vyacheslav"]
[Black "Wilshusen, Horst"]
[Result "1-0"]
[WhiteElo "1623"]
[BlackElo "1635"]
[PlyCount "53"]
[EventDate "2017.09.11"]
[EventType "tourn (corr)"]
[EventRounds "6"]
[EventCountry "GER"]
[SourceTitle "Corr 2022"]
[Source "ChessBase"]
[SourceDate "2021.10.24"]
[SourceVersion "1"]
[SourceVersionDate "2021.10.24"]
[SourceQuality "1"]

1. c4 Nf6 2. Nc3 e5 3. e4 Bc5 4. Be2 d6 5. Nf3 Nc6 6. a3 a5 7. 0-0 0-0 8. d3 Ne7 9. d4 exd4 10. Nxd4 Ng6 11. Bg5 h6 12. Bxf6 Qxf6 13. Nf3 Bd7 14. Nd5 Qd8 15. b4 axb4 16. axb4 Ba7 17. b5 c6 18. b6 cxd5 19. bxa7 dxe4 20. Nd4 Qb6 21. Nb5 Nf4 22. Re1 d5 23. Nc3 e3 24. f3 d4 25. Ne4 Bc6 26. c5 Qb3 27. Qxb3 1-0

[Event "LSS No Engine Cup 173 Preliminary 0"]
[Site "LSS email"]
[Date "2017.09.10"]
[Round "?"]
[White "Kuttner, Jaromir"]
[Black "Kalinin, Vyacheslav"]
[Result "0-1"]
[WhiteElo "1180"]
[BlackElo "1623"]
[PlyCount "54"]
[EventDate "2017.09.11"]
[EventType "tourn (corr)"]
[EventRounds "6"]
[EventCountry "GER"]
[SourceTitle "Corr 2022"]
[Source "ChessBase"]
[SourceDate "2021.10.24"]
[SourceVersion "1"]
[SourceVersionDate "2021.10.24"]
[SourceQuality "1"]

1. e4 d5 2. exd5 Qxd5 3. Nc3 Qa5 4. d4 c6 5. Nf3 Bg4 6. Be2 e6 7. h3 Bxf3 8. Bxf3 Nf6 9. Bd2 Qc7 10. 0-0 Bd6 11. Re1 0-0 12. Ne4 Nxe4 13. Rxe4 Nd7 14. c4 Nf6 15. Rh4 c5 16. d5 exd5 17. cxd5 Bh2+ 18. Kh1 Be5 19. Qc2 Rad8 20. Bg5 h6 21. Be3 Nxd5 22. Bg5 Bf6 23. Rxh6 gxh6 24. Bxd5 Bxg5 25. h4 Rxd5 26. hxg5 Rxg5 27. Qe2 Qc6 0-1

[Event "LSS No Engine Cup 173 Preliminary 0"]
[Site "LSS email"]
[Date "2017.09.10"]
[Round "?"]
[White "Shim Ng Min, Francis"]
[Black "Kalinin, Vyacheslav"]
[Result "0-1"]
[WhiteElo "1456"]
[BlackElo "1623"]
[PlyCount "35"]
[EventDate "2017.09.11"]
[EventType "tourn (corr)"]
[EventRounds "6"]
[EventCountry "GER"]
[SourceTitle "Corr 2022"]
[Source "ChessBase"]
[SourceDate "2021.10.24"]
[SourceVersion "1"]
[SourceVersionDate "2021.10.24"]
[SourceQuality "1"]

1. e4 d5 2. exd5 Qxd5 3. Nc3 Qa5 4. d4 c6 5. Nf3 Bg4 6. h3 Bxf3 7. Qxf3 e6 8. Bd3 Nf6 9. 0-0 Qh5 10. Qg3 Nbd7 11. Re1 Be7 12. Qc7 Rb8 13. d5 Nxd5 14. Nxd5 Qxd5 15. Be3 Bd6 16. Bc4 Bxc7 17. Bxd5 cxd5 18. Bxa7 0-1

[Event "LSS No Engine Cup 172 Preliminary 0"]
[Site "LSS email"]
[Date "2017.08.19"]
[Round "?"]
[White "Boni, Roberto"]
[Black "Kalinin, Vyacheslav"]
[Result "1-0"]
[WhiteElo "1908"]
[BlackElo "1616"]
[PlyCount "31"]
[EventDate "2017.08.20"]
[EventType "tourn (corr)"]
[EventRounds "6"]
[EventCountry "GER"]
[SourceTitle "Corr 2022"]
[Source "ChessBase"]
[SourceDate "2021.10.24"]
[SourceVersion "1"]
[SourceVersionDate "2021.10.24"]
[SourceQuality "1"]

1. e4 d5 2. exd5 Qxd5 3. Nc3 Qa5 4. d4 c6 5. Bc4 Nf6 6. Nf3 Bf5 7. Bd2 e6 8. Nd5 Qd8 9. Nxf6+ Qxf6 10. Qe2 h6 11. 0-0-0 Nd7 12. Bc3 Qd8 13. d5 cxd5 14. Rxd5 Qe7 15. Rxd7 Qxd7 16. Bb5 1-0

[Event "LSS No Engine Cup 172 Preliminary 0"]
[Site "LSS email"]
[Date "2017.08.19"]
[Round "?"]
[White "Kalinin, Vyacheslav"]
[Black "Kocian, Stefan"]
[Result "0-1"]
[WhiteElo "1616"]
[BlackElo "1462"]
[PlyCount "50"]
[EventDate "2017.08.20"]
[EventType "tourn (corr)"]
[EventRounds "6"]
[EventCountry "GER"]
[SourceTitle "Corr 2022"]
[Source "ChessBase"]
[SourceDate "2021.10.24"]
[SourceVersion "1"]
[SourceVersionDate "2021.10.24"]
[SourceQuality "1"]

1. d4 d5 2. g3 Nf6 3. Bg2 c6 4. Nf3 Bf5 5. 0-0 e6 6. c3 Be7 7. Ne5 0-0 8. Bg5 h6 9. Bf4 Nbd7 10. Nd2 g5 11. Nxd7 Qxd7 12. Be3 Ng4 13. Nf3 Nxe3 14. fxe3 Rad8 15. Ne5 Qc7 16. g4 Bh7 17. Rf2 f6 18. Nd3 Bd6 19. Nc5 Bxh2+ 20. Kh1 Rde8 21. Bxd5 exd5 22. Rxh2 Rxe3 23. Rxh6 b6 24. Qg1 Rg3 25. Qh2 bxc5 0-1